Freedom from Stress (Record no. 154828)
[ view plain ]
| 000 -LEADER | |
|---|---|
| fixed length control field | 00260nam a2200109Ia 4500 |
| 008 - FIXED-LENGTH DATA ELEMENTS--GENERAL INFORMATION | |
| fixed length control field | 230411s9999 xx 000 0 und d |
| 041 ## - LANGUAGE CODE | |
| Language code of text/sound track or separate title | eng |
| 082 ## - DEWEY DECIMAL CLASSIFICATION NUMBER | |
| Classification number | X/158.1/VAS/B04055 |
| 100 ## - MAIN ENTRY--PERSONAL NAME | |
| Personal name | Vaswani |
| 9 (RLIN) | 178108 |
| 245 ## - TITLE STATEMENT | |
| Title | Freedom from Stress |
| Withdrawn status | Lost status | Damaged status | Not for loan | Collection code | Home library | Current library | Date acquired | Vendor | Cost, normal purchase price | Total Checkouts | Full call number | Barcode | Date last seen | Cost, replacement price | Bill Date | Koha item type | Original Barcode |
|---|---|---|---|---|---|---|---|---|---|---|---|---|---|---|---|---|---|
| Smt. Bakul Tambat Institute of Nursing Education | Smt. Bakul Tambat Institute of Nursing Education | 29/05/2007 | Donated | 50.00 | X 158.1 VAS B04055 | BTIN-BK-4055 | 11/04/2023 | 50.00 | 29/05/2007 | Books | B04055 |